| Tag |
First Indicator |
Second Indicator |
Subfields |
| LEADER |
00000cas a2200000 4500 |
| 001 |
in00000726949 |
| 005 |
20151016071601.0 |
| 008 |
800621d19691970ctuar b 0uuua0eng d |
| 035 |
|
|
|a (OCoLC)06445588
|
| 035 |
|
|
|9 ADE5168AM
|
| 040 |
|
|
|a TXA
|c TXA
|d UtOrBLW
|
| 049 |
|
|
|a TXAE
|
| 090 |
|
|
|a Z5055.U5
|b C8
|
| 110 |
1 |
|
|a University of Connecticut.
|b Research Foundation.
|
| 245 |
1 |
0 |
|a Publication and research summary.
|
| 246 |
1 |
4 |
|a University of Connecticut publication and research summary
|f 1969-1970
|
| 264 |
|
1 |
|a Storrs, Conn. :
|b Graduate School, University of Connecticut.
|
| 300 |
|
|
|a 1 volume
|
| 336 |
|
|
|a text
|b txt
|2 rdacontent
|
| 337 |
|
|
|a unmediated
|b n
|2 rdamedia
|
| 338 |
|
|
|a volume
|b nc
|2 rdacarrier
|
| 362 |
0 |
|
|a 1969/1970.
|
| 610 |
1 |
0 |
|a University of Connecticut
|x Bibliography.
|
| 650 |
|
0 |
|a Dissertations, Academic
|z United States
|v Bibliography.
|
| 999 |
|
|
|a MARS
|
| 999 |
f |
f |
|s cd38f785-62fe-39ee-af48-4366c07ef0be
|i f25943e2-7794-3c12-8036-8e13b60c98f0
|t 0
|
| 952 |
f |
f |
|p ric
|a Texas A&M University
|b Rellis Campus
|c Joint Library Facility
|d Remote Storage
|t 0
|e Z5055.U5 C8
|h Library of Congress classification
|i unmediated -- volume
|l 1969/1970
|m A14841170201
|
| 998 |
f |
f |
|a Z5055.U5 C8
|s 1969/1970
|t 0
|l Remote Storage
|